| 000 | 01289nam a2200241 i 4500 | ||
|---|---|---|---|
| 001 | 18296 | ||
| 003 | DO-SdUEMH | ||
| 005 | 20260106170333.0 | ||
| 007 | ta | ||
| 008 | 260106b |||||||| |||| 00| 0 spa d | ||
| 040 |
_aDO-SdUEMH _bspa _erda |
||
| 041 | _aspa | ||
| 082 | 1 | 4 |
_mRD _bE56c |
| 245 | 1 | 0 |
_aCondiciones socioeconómicas de la mujer trabajadora en la república dominicana / _cHelen I. Safa, Clara Báez, Francis Pau, Teófilo Barreiro ; editor: Frank Moya Pons |
| 264 | 0 | 1 |
_aSanto Domingo, República Dominicana : _bForum, _c1986 |
| 300 |
_a150 paginas ; _c22 cm. |
||
| 336 |
_2rdacontent _atexto _btxt |
||
| 337 |
_2rdamedia _asin mediación _bn |
||
| 338 |
_2rdacarrier _avolumen _bnc |
||
| 490 |
_aForum ; _v21 |
||
| 505 | 0 | _aPresentación -- Introducción / Frank Moya Pons -- Palabras del Ing. Fabio Herrera Miniño -- La mujer en América Latina: el impacto del cambio socioeconómico / Helen I. Safa -- Debate -- Algunas reflexiones en torno a las estadísticas e indicadores sociales de la situación de la mujer dominicana / Clara Báez -- Debate -- Condiciones de vida y participación económica de la mujer rural / Francis Pou -- Debate -- Las condiciones de vida de la mujer marginada de la ciudad de Santo Domingo / Teófilo Barreiro -- Debate. | |
| 942 |
_2ddc _n0 _cBK |
||
| 999 |
_c18296 _d18296 |
||